000 00660nam a22002537a 4500
003 OSt
005 20220924113624.0
006 a|||||r|||| 00| 0
007 ta
008 220923b |||||||| |||| 00| 0 eng d
024 _a54986
037 _cGeneral Books
040 _aARTS
_cARTS
_beng
041 _2eng
_aeng
082 _aP:(S6), L9
100 _aEdwards John R
_9170242
245 0 _aLanguage and disadvantage
260 _aLondon
_bEdward Arnold
_c1973
300 _ap.
490 _aStudies in disadvantage
650 _aLINGUISTICS
942 _hP:(S6), L9
_cGB
_2CC
999 _c390243
_d390243